000 01210naa a22003617a 4500
001 BR7805022
003 BR-BrBNA
005 20240918174153.0
007 ta
008 230509b bl.||||| |||| 00| 0 por d
040 _aBR-BrBNA
_bpor
_cBiblioteca Nacional de Agricultura
041 _a(Pt)
072 _aH70
_b1740
_b3520
_bG514
090 _aH70 BR7805022
100 1 _aMascarenhas, M.H.T.
100 1 _aSouza, R.J. de
100 1 _aSaturnino, H.M.
100 1 _aLara, J.F.R.
245 1 _aPerda de peso e deterioracao de bulbos de cebola (Allium cepa L.)- Sete Lagoas [Produto armazenado; Minas Gerais; Brasil]
260 3 _aBelo Horizonte, MG (Brasil):
_c1978.
500 _aProjeto olericultura. Relatorio 76/77 Belo Horizonte, MG (Brasil): 1978. p. 144-149 (BR7805022-AM)H70
650 _aProduto armazenado
650 _aCebola
650 _aBulbo
650 _aArmazenamento
650 _aDesidratacao
650 _aPreservacao de alimento
650 _aSete Lagoas
650 _aMinas Gerais
773 0 _tProjeto olericultura. Relatorio 76/77
_wH70 BR7805022
_gBelo Horizonte, MG (Brasil), 1978. p. 144-149
909 _a202404
_bLucia
_c55
_dLucia Elande
942 _cAM
_2AGRIS
999 _c309357
_d309357